| 000 | 04001cam a22004458i 4500 | ||
|---|---|---|---|
| 999 |
_c27183 _d27183 |
||
| 006 | m d | | | ||
| 007 | cr ||||||||||| | ||
| 008 | 190615s2020 enk ob 001 0 eng | ||
| 020 |
_a9780367334864 _q(ebook) |
||
| 020 | _a0367334860 | ||
| 020 |
_a9781000644913 _q(electronic bk. : Mobipocket) |
||
| 020 |
_a100064491X _q(electronic bk. : Mobipocket) |
||
| 020 |
_a9781000639933 _q(electronic bk. : PDF) |
||
| 020 |
_a1000639932 _q(electronic bk. : PDF) |
||
| 020 |
_a9781000649895 _q(electronic bk. : EPUB) |
||
| 020 |
_a100064989X _q(electronic bk. : EPUB) |
||
| 020 | _q(hardback) | ||
| 040 |
_aOCoLC-P _beng _erda |
||
| 072 | 7 |
_aHIS _x017000 _2bisacsh |
|
| 072 | 7 |
_aHIS _x000000 _2bisacsh |
|
| 072 | 7 |
_aHIS _x037000 _2bisacsh |
|
| 072 | 7 |
_a1F _2bicssc |
|
| 082 | 0 | 0 |
_a909/.09824 _223 |
| 245 | 0 | 0 |
_aIndian Ocean histories : _bthe many worlds of Michael Naylor Pearson / _cedited by Rila Mukherjee and Radhika Seshan. |
| 260 |
_aLondon _bTaylor & Francis Group _c2019 |
||
| 300 | _a1 online resource | ||
| 505 | 0 | _aIntroduction: Indian Ocean histories / Rila Mukherjee -- The Indian Ocean : global nexus, 1500-1800 / Patrick Manning -- The Sodden archive : Africa, the Atlantic and the Indian Ocean / Isabel Hofmeyr -- The Kakatiyas, Motupalli and the Southern Bay of Bengal linkages / Radhika Seshan -- Regional identities, maritime networking and Islamic conversions in fifteenth-century Java / Kenneth R. Hall -- Brokers and go-betweens within the Portuguese state of India (1500-1700) / Amélia Polo'nia -- South Asian settlers at Batavia in the seventeenth and eighteenth centuries / Ryuto Shimada -- Physicians, surgeons, merchants and healers : production, circulation and reconfiguration of knowledge in eighteenth-century Portuguese India / Fabiano Bracht -- Indian seamen (lascars), shipboard labor regime, and the East India Company in the first half of the nineteenth century / Ghulam A. Nadri -- Hazards and history on the western Australian coast : the 'Pearling Fleet Disaster' of 1887 / Joseph Christensen -- Landscape, rajah and wax prints : contemporary archaeologies of India in Mozambique / Pedro Pombo -- Littoral shell tracks : tracing Burma's transregional pearl histories / Pedro Machado -- Michael Naylor Pearson : the discipline of history, the sea and the man / Rila Mukherjee. | |
| 520 | _a"Michael Naylor Pearson's work falls under the genre of global or world history and has tremendous impact on the study of the Indian Ocean world. He brought together different disciplines, and emphasized on the holistic view of the worlds of water. This book will serve as a guide and as a reader for Indian Ocean studies. It brings together scholars from different disciplines across the world (all of whom have been influenced by Michael Pearson's work) and points out several ways of writing the Indian Ocean history. The book discusses the changing nature of Indian Ocean history along with state and capital, regional identities, maritime networking, Islamic conversions, south Asian immigrants, Bay of Bengal linkages, East India Company, Indian seamen, the issues of colonial copyright, customs, excise and port cities etc. among many themes to give a comprehensive understanding of the study of Indian Ocean. With maritime history gaining prominence, this volume will be useful for scholars and researchers of history, modern history, medieval history, Indian history, colonial history and world history"-- | ||
| 600 | 1 | 0 |
_aPearson, M. N. _q(Michael Naylor), _d1941- |
| 650 | 7 |
_aHISTORY / Asia / India & South Asia _2bisacsh |
|
| 650 | 7 |
_aHISTORY / General _2bisacsh |
|
| 650 | 7 |
_aHISTORY / World _2bisacsh |
|
| 651 | 0 |
_aIndian Ocean Region _xHistoriography. |
|
| 651 | 0 |
_aIndian Ocean Region _xHistory. |
|
| 700 | 1 |
_aMukherjee, Rila, _eeditor. |
|
| 700 | 1 |
_aSeshan, Radhika, _eeditor. |
|
| 856 | 4 | 0 | _uhttps://www.taylorfrancis.com/books/9780367334864 |
| 856 | 4 | 2 | _uhttp://www.oclc.org/content/dam/oclc/forms/terms/vbrl-201703.pdf |
| 942 | _cEBK | ||